|
|
|
|
| LEADER |
01913nam a2200385 a 4500 |
| 001 |
16054020 |
| 008 |
111205s2011 maua b 001 0 eng d |
| 010 |
|
|
|a 2010000314
|
| 020 |
|
|
|a 9780763766641 (hardcover)
|
| 020 |
|
|
|a 076376664X (hardcover)
|
| 040 |
|
|
|a DLC
|c DLC
|d C#P
|d BWX
|d YDXCP
|d BUF
|d BTCTA
|d NLM
|d DLC
|d BD-DhAAL
|
| 082 |
0 |
0 |
|a 571.6
|2 22
|
| 245 |
0 |
0 |
|a Lewin's cells /
|c Lead editors, Lynne Cassimeris, Vishwanath R. Lingappa, George Plopper.
|
| 246 |
3 |
0 |
|a Cells
|
| 250 |
|
|
|a 2nd ed.
|
| 260 |
|
|
|a Sudbury, Mass. :
|b Jones and Bartlett Publishers,
|c c2011.
|
| 300 |
|
|
|a xxiv, 1053 p. :
|b ill. (chiefly col.) ;
|c 28 cm.
|
| 500 |
|
|
|a International edition-not for sale in North America
|
| 504 |
|
|
|a Includes bibliographical references and index.
|
| 541 |
1 |
|
|e 00023899
|
| 650 |
|
0 |
|a Cells.
|
| 650 |
1 |
2 |
|a Eukaryotic Cells.
|
| 650 |
2 |
2 |
|a Cell Physiological Phenomena.
|
| 650 |
2 |
2 |
|a Cells.
|
| 700 |
1 |
|
|a Cassimeris, Lynne.
|
| 700 |
1 |
|
|a Lingappa, Vishwanath R.
|
| 700 |
1 |
|
|a Plopper, George.
|
| 700 |
1 |
|
|a Lewin, Benjamin.
|
| 852 |
1 |
|
|a Ayesha Abed Library
|j General shelf
|
| 942 |
0 |
0 |
|0 2
|
| 999 |
|
|
|c 11531
|d 11531
|
| 952 |
|
|
|0 0
|1 0
|4 0
|6 571_600000000000000_LEW
|7 0
|9 18761
|a BRACUL
|b BRACUL
|c GEN
|d 2011-12-02
|e Karim International
|g 5400.00
|l 5
|m 39
|o 571.6 LEW
|p 3010023899
|r 2026-01-11
|s 2025-07-20
|t 1
|w 2011-12-05
|y BK
|
| 952 |
|
|
|0 0
|1 0
|2 ddc
|4 0
|6 571_600000000000000_LEW
|7 0
|9 19617
|a BRACUL
|b BRACUL
|c GEN
|d 2012-03-06
|e karim International
|g 5400.00
|l 4
|m 65
|o 571.6 LEW
|p 3010024678
|r 2023-10-30
|s 2023-03-16
|t 2
|w 2012-03-11
|y BK
|
| 952 |
|
|
|0 0
|1 0
|2 ddc
|4 0
|6 571_600000000000000_LEW
|7 0
|9 19618
|a BRACUL
|b BRACUL
|c GEN
|d 2012-03-06
|e karim International
|g 5400.00
|l 5
|m 33
|o 571.6 LEW
|p 3010024679
|r 2025-10-14
|s 2025-06-23
|t 3
|w 2012-03-11
|y BK
|
| 952 |
|
|
|0 0
|1 0
|2 ddc
|4 0
|6 571_600000000000000_LEW
|7 0
|9 19619
|a BRACUL
|b BRACUL
|c GEN
|d 2012-03-06
|e karim International
|g 5400.00
|l 9
|m 62
|o 571.6 LEW
|p 3010024680
|r 2025-10-07
|s 2025-08-25
|t 4
|w 2012-03-11
|y BK
|